[Event "DVM U16w 2021"]
[Site "Berlin GER"]
[Date "2022.04.30"]
[Round "1"]
[White "Orlova, Alicia"]
[Black "Trunz, Michelle"]
[Result "0-1"]
[Termination "normal"]
[Board "2.1"]
[WhiteElo "1723"]
[BlackElo "1708"]
[WhiteClock "00:29:24"]
[BlackClock "00:55:44"]
[WhiteTeam "Schachgemeinschaft Porz e. V. 1"]
[BlackTeam "Schachgemeinschaft Porz e. V. 2"]
[PlyCount "112"]
[WhiteFideId "34154563"]
[BlackFideId "16227980"]
[EventCountry "GER"]
[EventRounds "7"]
[EventType "team-swiss"]
[EventDate "2022.04.29"]

1. e4 {[%clk 1:30:54]} c5 {[%clk 1:30:53]} 2. Nc3 {[%clk 1:31:16]} d6 {[%clk
1:31:12]} 3. g3 {[%clk 1:31:17]} Nc6 {[%clk 1:31:15]} 4. Bg2 {[%clk 1:31:19]}
g6 {[%clk 1:31:04]} 5. d3 {[%clk 1:31:11]} Bg7 {[%clk 1:31:19]} 6. Be3 {[%clk
1:29:44]} e6 {[%clk 1:28:39]} 7. Qd2 {[%clk 1:26:31]} b6 {[%clk 1:25:38]} 8.
Nf3 {[%clk 1:23:11]} Bb7 {[%clk 1:21:50]} 9. Rd1 {[%clk 1:15:28]} Nd4 {[%clk
1:21:48]} 10. Qc1 {[%clk 1:11:44]} Ne7 {[%clk 1:20:02]} 11. Ne2 {[%clk
1:09:04]} Nxe2 {[%clk 1:20:10]} 12. Kxe2 {[%clk 1:09:27]} d5 {[%clk 1:18:28]}
13. Rhe1 {[%clk 1:06:39]} Qc7 {[%clk 1:17:48]} 14. exd5 {[%clk 1:01:33]} Nxd5
{[%clk 1:17:30]} 15. c3 {[%clk 0:50:03]} Nxe3 {[%clk 1:17:24]} 16. Qxe3 {[%clk
0:49:41]} O-O {[%clk 1:17:42]} 17. Kf1 {[%clk 0:49:14]} Rad8 {[%clk 1:16:04]}
18. Kg1 {[%clk 0:46:53]} Rd6 {[%clk 1:13:54]} 19. Rd2 {[%clk 0:43:29]} Rfd8
{[%clk 1:13:45]} 20. Bh3 {[%clk 0:39:07]} Qd7 {[%clk 1:06:12]} 21. Ne5 {[%clk
0:25:43]} Bxe5 {[%clk 1:06:23]} 22. Qxe5 {[%clk 0:26:00]} Qc6 {[%clk 1:05:23]}
23. f3 {[%clk 0:25:10]} Ba6 {[%clk 0:59:29]} 24. d4 {[%clk 0:19:07]} cxd4
{[%clk 0:58:17]} 25. cxd4 {[%clk 0:17:57]} Qxf3 {[%clk 0:55:36]} 26. Rf2 {[%clk
0:17:07]} Qb7 {[%clk 0:53:07]} 27. Re4 {[%clk 0:15:10]} f5 {[%clk 0:48:03]} 28.
Rh4 {[%clk 0:10:37]} Qg7 {[%clk 0:47:19]} 29. Qe3 {[%clk 0:09:44]} g5 {[%clk
0:43:35]} 30. Rh5 {[%clk 0:09:34]} h6 31. d5 {[%clk 0:08:52]} Qg6 {[%clk
0:41:33]} 32. g4 {[%clk 0:07:47]} Rxd5 {[%clk 0:40:04]} 33. Bf1 {[%clk
0:04:25]} Bxf1 {[%clk 0:39:49]} 34. Rxf1 {[%clk 0:03:03]} fxg4 {[%clk 0:38:33]}
35. h3 {[%clk 0:03:23]} g3 {[%clk 0:31:21]} 36. h4 {[%clk 0:02:00]} Rf5 {[%clk
0:29:45]} 37. Rxf5 {[%clk 0:01:53]} exf5 {[%clk 0:29:43]} 38. Qb3+ {[%clk
0:01:59]} Kh7 {[%clk 0:29:46]} 39. Qf3 {[%clk 0:01:34]} g4 {[%clk 0:26:13]} 40.
Qxf5 {[%clk 0:01:47]} Qxf5 {[%clk 0:26:03]} 41. Rxf5 {[%clk 0:02:08]} Kg6
{[%clk 0:26:05]} 42. Re5 {[%clk 0:02:03]} Rd2 {[%clk 0:25:49]} 43. Rb5 {[%clk
0:01:30]} Rh2 {[%clk 0:25:36]} 44. a4 {[%clk 0:01:13]} Rxh4 {[%clk 0:25:45]}
45. Kg2 {[%clk 0:01:30]} Rh5 {[%clk 0:25:20]} 46. Rb4 {[%clk 0:01:09]} Rg5
{[%clk 0:25:26]} 47. Kxg3 {[%clk 0:00:48]} h5 {[%clk 0:25:41]} 48. Rd4 {[%clk
0:00:44]} Rf5 {[%clk 0:25:29]} 49. b4 {[%clk 0:00:42]} Rf3+ {[%clk 0:25:35]}
50. Kg2 {[%clk 0:00:50]} Ra3 {[%clk 0:24:30]} 51. b5 {[%clk 0:01:03]} Kg5
{[%clk 0:24:42]} 52. Re4 {[%clk 0:30:08]} Ra2+ {[%clk 0:55:00]} 53. Kg1 {[%clk
0:30:19]} h4 {[%clk 0:55:13]} 54. Kh1 {[%clk 0:29:39]} h3 {[%clk 0:55:28]} 55.
Kg1 {[%clk 0:29:45]} Kh4 {[%clk 0:55:33]} 56. Kf1 {[%clk 0:29:24]} h2 {[%clk
0:55:44]} 0-1

[Event "DVM U16w 2021"]
[Site "Berlin GER"]
[Date "2022.04.30"]
[Round "1"]
[White "Siegel, Irene"]
[Black "Ramien, Hannah"]
[Result "0-1"]
[Termination "normal"]
[Board "2.2"]
[WhiteElo "1263"]
[BlackElo "1338"]
[WhiteClock "00:24:58"]
[BlackClock "00:22:12"]
[WhiteTeam "Schachgemeinschaft Porz e. V. 2"]
[BlackTeam "Schachgemeinschaft Porz e. V. 1"]
[PlyCount "88"]
[WhiteFideId "16284380"]
[BlackFideId "16209982"]
[EventCountry "GER"]
[EventRounds "7"]
[EventType "team-swiss"]
[EventDate "2022.04.29"]

1. e4 {[%clk 1:30:57]} e5 {[%clk 1:30:56]} 2. Nf3 {[%clk 1:31:16]} Nc6 {[%clk
1:31:20]} 3. Bc4 {[%clk 1:31:08]} Nf6 {[%clk 1:31:20]} 4. Ng5 {[%clk 1:15:45]}
d5 {[%clk 1:30:55]} 5. exd5 {[%clk 1:16:04]} Nd4 {[%clk 1:29:51]} 6. c3 {[%clk
1:10:26]} b5 {[%clk 1:28:25]} 7. cxd4 {[%clk 1:08:49]} bxc4 {[%clk 1:27:10]} 8.
dxe5 {[%clk 1:00:10]} Qxd5 {[%clk 0:59:25]} 9. O-O {[%clk 0:53:56]} Ng4 {[%clk
0:48:18]} 10. Nc3 {[%clk 0:50:28]} Qc6 {[%clk 0:43:25]} 11. e6 {[%clk 0:42:12]}
f5 {[%clk 0:23:18]} 12. h3 {[%clk 0:33:18]} Ne5 {[%clk 0:17:27]} 13. Qe2 {[%clk
0:26:43]} Bb7 {[%clk 0:12:58]} 14. f3 {[%clk 0:21:50]} Bc5+ {[%clk 0:09:24]}
15. Kh1 {[%clk 0:20:56]} Bd6 {[%clk 0:05:33]} 16. f4 {[%clk 0:14:40]} Ng6
{[%clk 0:04:54]} 17. Nf7 {[%clk 0:09:08]} O-O {[%clk 0:03:04]} 18. Nxd6 {[%clk
0:06:11]} cxd6 {[%clk 0:03:29]} 19. b3 {[%clk 0:04:17]} cxb3 {[%clk 0:02:25]}
20. axb3 {[%clk 0:04:34]} Rae8 {[%clk 0:02:17]} 21. Rxa7 {[%clk 0:02:50]} Rf6
{[%clk 0:01:48]} 22. Rf2 {[%clk 0:01:50]} Rfxe6 {[%clk 0:01:50]} 23. Qb5 {[%clk
0:01:41]} Qxb5 {[%clk 0:01:24]} 24. Nxb5 {[%clk 0:02:05]} Bc6 {[%clk 0:01:34]}
25. Nc7 {[%clk 0:01:23]} Re1+ {[%clk 0:01:30]} 26. Kh2 {[%clk 0:01:49]} R8e7
{[%clk 0:01:42]} 27. Ba3 {[%clk 0:02:09]} Rd7 {[%clk 0:01:50]} 28. Bb4 {[%clk
0:01:24]} Rb1 {[%clk 0:01:23]} 29. d4 {[%clk 0:01:01]} Rxb3 {[%clk 0:01:11]}
30. Be1 {[%clk 0:01:15]} Rd3 {[%clk 0:01:07]} 31. Rc2 {[%clk 0:01:16]} Be4
{[%clk 0:00:40]} 32. Rb2 {[%clk 0:00:47]} h6 {[%clk 0:00:35]} 33. Rab7 {[%clk
0:00:44]} Bxb7 {[%clk 0:00:56]} 34. Rxb7 {[%clk 0:00:56]} Rxd4 {[%clk 0:01:09]}
35. Bc3 {[%clk 0:01:13]} Rc4 {[%clk 0:01:29]} 36. Rb8+ {[%clk 0:01:37]} Kf7
{[%clk 0:01:25]} 37. Nd5 {[%clk 0:01:45]} Rc5 {[%clk 0:01:06]} 38. Nb6 {[%clk
0:01:27]} Rdc7 {[%clk 0:01:01]} 39. Bd4 {[%clk 0:01:33]} Rb5 {[%clk 0:00:49]}
40. Rd8 {[%clk 0:01:33]} Ke7 {[%clk 0:00:32]} 41. Rg8 {[%clk 0:30:30]} Ke6
{[%clk 0:23:02]} 42. Be3 {[%clk 0:26:18]} Nxf4 {[%clk 0:22:10]} 43. Bxf4 {[%clk
0:25:11]} Rxb6 {[%clk 0:22:39]} 44. Bd2 {[%clk 0:24:58]} Rb2 {[%clk 0:22:12]}
0-1

[Event "DVM U16w 2021"]
[Site "Berlin GER"]
[Date "2022.04.30"]
[Round "1"]
[White "Sinner, Joselyne"]
[Black "Popovidou, Laura"]
[Result "1-0"]
[Termination "normal"]
[Board "2.3"]
[WhiteElo "1431"]
[BlackElo "1090"]
[WhiteClock "00:16:04"]
[BlackClock "00:11:38"]
[WhiteTeam "Schachgemeinschaft Porz e. V. 1"]
[BlackTeam "Schachgemeinschaft Porz e. V. 2"]
[PlyCount "64"]
[WhiteFideId "16210387"]
[BlackFideId "16255836"]
[EventCountry "GER"]
[EventRounds "7"]
[EventType "team-swiss"]
[EventDate "2022.04.29"]

1. e4 {[%clk 1:30:58]} e5 {[%clk 1:30:55]} 2. Nf3 {[%clk 1:31:25]} Nc6 {[%clk
1:31:20]} 3. d4 {[%clk 1:31:06]} exd4 {[%clk 1:31:09]} 4. Nxd4 {[%clk 1:31:26]}
Bc5 {[%clk 1:30:02]} 5. Nb3 {[%clk 1:31:46]} Bb6 {[%clk 1:23:49]} 6. Nc3 {[%clk
1:32:10]} Nf6 {[%clk 1:23:24]} 7. Bg5 {[%clk 1:32:32]} Bxf2+ {[%clk 1:15:31]}
8. Kxf2 {[%clk 1:32:43]} O-O {[%clk 1:14:00]} 9. Qf3 {[%clk 1:29:24]} Ne5
{[%clk 1:13:29]} 10. Bxf6 {[%clk 1:28:57]} gxf6 {[%clk 1:12:04]} 11. Qf4 {[%clk
1:26:12]} Ng6 12. Qg3 {[%clk 1:22:34]} Re8 {[%clk 1:07:34]} 13. Bc4 {[%clk
1:19:48]} c6 {[%clk 0:57:13]} 14. Rhe1 {[%clk 1:06:19]} d6 {[%clk 0:48:29]} 15.
Rad1 {[%clk 1:03:45]} b5 {[%clk 0:38:25]} 16. Bf1 {[%clk 0:53:53]} Qb6+ {[%clk
0:33:37]} 17. Qe3 {[%clk 0:46:39]} c5 {[%clk 0:32:30]} 18. Nd5 {[%clk 0:43:28]}
Ne5 {[%clk 0:22:21]} 19. Nxb6 {[%clk 0:26:21]} Ng4+ {[%clk 0:22:38]} 20. Kg1
{[%clk 0:24:46]} Nxe3 {[%clk 0:23:04]} 21. Nxa8 {[%clk 0:24:47]} Nxd1 {[%clk
0:22:54]} 22. Nc7 {[%clk 0:24:33]} Re7 {[%clk 0:21:29]} 23. Nd5 {[%clk
0:24:48]} Re5 {[%clk 0:21:02]} 24. Rxd1 {[%clk 0:25:08]} Bb7 {[%clk 0:19:16]}
25. Bxb5 {[%clk 0:22:59]} f5 {[%clk 0:18:33]} 26. Nf6+ {[%clk 0:22:13]} Kh8
{[%clk 0:18:09]} 27. exf5 {[%clk 0:21:43]} d5 {[%clk 0:16:13]} 28. Nxc5 {[%clk
0:16:26]} Ba8 {[%clk 0:12:28]} 29. Bd3 {[%clk 0:15:36]} Kg7 {[%clk 0:11:50]}
30. Ng4 {[%clk 0:15:20]} Re7 {[%clk 0:10:58]} 31. f6+ {[%clk 0:15:44]} Kf8
{[%clk 0:11:18]} 32. fxe7+ {[%clk 0:16:04]} Kxe7 {[%clk 0:11:38]} 1-0

[Event "DVM U16w 2021"]
[Site "Berlin GER"]
[Date "2022.04.30"]
[Round "1"]
[White "Brinkmann, Tamina"]
[Black "Brandt, Greta"]
[Result "0-1"]
[Termination "normal"]
[Board "2.4"]
[WhiteElo "941"]
[BlackElo "1458"]
[WhiteClock "00:42:18"]
[BlackClock "01:07:05"]
[WhiteTeam "Schachgemeinschaft Porz e. V. 2"]
[BlackTeam "Schachgemeinschaft Porz e. V. 1"]
[PlyCount "80"]
[WhiteFideId "16284437"]
[BlackFideId "34605860"]
[EventCountry "GER"]
[EventRounds "7"]
[EventType "team-swiss"]
[EventDate "2022.04.29"]

1. e4 {[%clk 1:30:43]} e6 {[%clk 1:30:58]} 2. d4 {[%clk 1:30:33]} d5 {[%clk
1:31:21]} 3. e5 {[%clk 1:30:34]} c5 {[%clk 1:31:43]} 4. Nf3 {[%clk 1:30:10]}
Nc6 {[%clk 1:31:49]} 5. b3 {[%clk 1:29:31]} Bd7 {[%clk 1:30:56]} 6. Ba3 {[%clk
1:28:13]} Qa5+ {[%clk 1:26:41]} 7. Qd2 {[%clk 1:24:48]} Qxd2+ {[%clk 1:25:04]}
8. Nbxd2 {[%clk 1:23:45]} cxd4 {[%clk 1:22:34]} 9. Bxf8 {[%clk 1:22:22]} Kxf8
{[%clk 1:22:58]} 10. c4 {[%clk 1:21:00]} dxc3 {[%clk 1:22:48]} 11. Nb1 {[%clk
1:19:48]} Nb4 {[%clk 1:21:58]} 12. Nd4 {[%clk 1:19:23]} Rc8 {[%clk 1:20:39]}
13. Na3 {[%clk 1:19:06]} Ne7 {[%clk 1:17:52]} 14. Ndc2 {[%clk 1:17:33]} Nec6
{[%clk 1:17:00]} 15. Rc1 {[%clk 1:15:41]} Nxa2 {[%clk 1:16:24]} 16. Ra1 {[%clk
1:14:11]} Nab4 {[%clk 1:15:35]} 17. Rc1 {[%clk 1:12:34]} Nxc2+ {[%clk 1:14:27]}
18. Nxc2 {[%clk 1:11:28]} Nxe5 {[%clk 1:14:48]} 19. Nb4 {[%clk 1:10:19]} a6
{[%clk 1:13:31]} 20. Na2 {[%clk 1:07:26]} d4 {[%clk 1:13:12]} 21. Nb4 Bb5
{[%clk 1:13:12]} 22. Bxb5 {[%clk 1:05:53]} axb5 {[%clk 1:13:35]} 23. O-O {[%clk
1:03:54]} Ke7 {[%clk 1:10:40]} 24. Rfd1 {[%clk 1:01:53]} Rhd8 {[%clk 1:10:13]}
25. f4 {[%clk 1:00:07]} Nc6 {[%clk 1:08:31]} 26. Nd3 {[%clk 0:56:11]} Na5
{[%clk 1:06:58]} 27. Rc2 {[%clk 0:51:34]} Nxb3 {[%clk 1:05:19]} 28. Rb1 {[%clk
0:51:19]} Nc5 {[%clk 1:04:44]} 29. Rd1 {[%clk 0:48:58]} Nxd3 {[%clk 1:04:31]}
30. Rxd3 {[%clk 0:49:16]} b4 {[%clk 1:04:32]} 31. g3 {[%clk 0:42:58]} b3 {[%clk
1:04:24]} 32. Rb2 {[%clk 0:40:04]} cxb2 {[%clk 1:04:42]} 33. Rxb3 {[%clk
0:40:22]} Rc1+ {[%clk 1:05:03]} 34. Kg2 {[%clk 0:40:42]} b1=Q {[%clk 1:05:14]}
35. Rxb1 {[%clk 0:40:50]} Rxb1 {[%clk 1:05:36]} 36. Kh3 {[%clk 0:41:11]} d3
{[%clk 1:04:51]} 37. Kh4 {[%clk 0:41:06]} d2 {[%clk 1:04:57]} 38. h3 {[%clk
0:41:30]} d1=Q {[%clk 1:05:05]} 39. Kg5 {[%clk 0:41:56]} Rd5+ {[%clk 1:07:05]}
40. Kh4 {[%clk 0:42:18]} Qh5# 0-1

[Event "DVM U16w 2021"]
[Site "Berlin GER"]
[Date "2022.04.30"]
[Round "1"]
[White "Gröschel, Karoline"]
[Black "Pikki, Daria"]
[Result "1-0"]
[Termination "normal"]
[Board "3.1"]
[WhiteElo "1645"]
[BlackElo "1523"]
[WhiteClock "00:36:44"]
[BlackClock "00:28:14"]
[WhiteTeam "SK Landau"]
[BlackTeam "SV Königsjäger Süd-West e.V."]
[PlyCount "83"]
[WhiteFideId "34610537"]
[BlackFideId "16281306"]
[EventCountry "GER"]
[EventRounds "7"]
[EventType "team-swiss"]
[EventDate "2022.04.29"]

1. e4 {[%clk 1:30:57]} e5 {[%clk 1:30:56]} 2. Nf3 {[%clk 1:31:20]} Nc6 {[%clk
1:31:21]} 3. Bb5 {[%clk 1:31:43]} Nf6 {[%clk 1:31:33]} 4. d3 {[%clk 1:32:06]}
d6 {[%clk 1:31:08]} 5. O-O {[%clk 1:32:31]} Be7 {[%clk 1:31:06]} 6. Re1 {[%clk
1:30:14]} Bd7 {[%clk 1:31:00]} 7. c3 {[%clk 1:30:13]} O-O {[%clk 1:31:05]} 8.
Nbd2 {[%clk 1:29:45]} Re8 {[%clk 1:30:49]} 9. Nf1 {[%clk 1:29:57]} h6 {[%clk
1:30:42]} 10. h3 {[%clk 1:28:35]} Bf8 {[%clk 1:30:03]} 11. Ng3 {[%clk 1:28:22]}
Ne7 {[%clk 1:29:04]} 12. Bc4 {[%clk 1:28:01]} b5 {[%clk 1:28:58]} 13. Bb3
{[%clk 1:27:40]} Ng6 {[%clk 1:19:53]} 14. d4 {[%clk 1:21:10]} c5 {[%clk
1:13:04]} 15. Bc2 {[%clk 1:15:30]} a5 {[%clk 1:09:54]} 16. Be3 {[%clk 1:02:12]}
Rc8 {[%clk 1:06:35]} 17. Qd2 {[%clk 1:00:25]} Qc7 {[%clk 1:03:02]} 18. Rac1
{[%clk 0:58:25]} Qb7 {[%clk 0:58:51]} 19. d5 {[%clk 0:51:35]} Rc7 {[%clk
0:53:50]} 20. Nh2 {[%clk 0:46:16]} Ne7 {[%clk 0:45:12]} 21. f4 {[%clk 0:43:49]}
Nc8 {[%clk 0:37:15]} 22. Nf3 {[%clk 0:39:06]} Nb6 {[%clk 0:32:24]} 23. b3
{[%clk 0:38:33]} c4 {[%clk 0:25:54]} 24. fxe5 {[%clk 0:35:22]} dxe5 {[%clk
0:24:53]} 25. Bb1 {[%clk 0:34:25]} cxb3 {[%clk 0:21:26]} 26. axb3 {[%clk
0:34:38]} a4 {[%clk 0:20:53]} 27. Qf2 {[%clk 0:27:03]} Nc8 {[%clk 0:18:57]} 28.
bxa4 {[%clk 0:26:12]} bxa4 {[%clk 0:18:42]} 29. c4 {[%clk 0:26:19]} Qb4 {[%clk
0:10:48]} 30. c5 {[%clk 0:21:43]} Bb5 {[%clk 0:08:48]} 31. Bd2 {[%clk 0:15:57]}
Qa3 {[%clk 0:06:38]} 32. Rc3 {[%clk 0:13:37]} Qb2 {[%clk 0:05:42]} 33. Rc2
{[%clk 0:13:47]} Qa3 {[%clk 0:05:39]} 34. d6 {[%clk 0:09:07]} Rc6 {[%clk
0:02:46]} 35. Ba2 {[%clk 0:09:30]} Bd3 {[%clk 0:02:08]} 36. Re3 {[%clk
0:07:54]} Nd7 {[%clk 0:01:26]} 37. Bc1 {[%clk 0:07:55]} Qb4 {[%clk 0:00:58]}
38. Rxd3 {[%clk 0:08:07]} Qb5 {[%clk 0:00:41]} 39. Rdc3 {[%clk 0:07:13]} Na7
40. Ng5 {[%clk 0:06:39]} Kh8 {[%clk 0:28:19]} 41. Nxf7+ {[%clk 0:36:51]} Kh7
{[%clk 0:28:14]} 42. Qf5+ {[%clk 0:36:44]} 1-0

[Event "DVM U16w 2021"]
[Site "Berlin GER"]
[Date "2022.04.30"]
[Round "1"]
[White "Sohr, Luna"]
[Black "Sarian, Gaya"]
[Result "1-0"]
[Termination "normal"]
[Board "3.2"]
[WhiteElo "1335"]
[BlackElo "1154"]
[WhiteClock "00:26:32"]
[BlackClock "00:19:09"]
[WhiteTeam "SV Königsjäger Süd-West e.V."]
[BlackTeam "SK Landau"]
[PlyCount "84"]
[WhiteFideId "16251261"]
[BlackFideId "16266161"]
[EventCountry "GER"]
[EventRounds "7"]
[EventType "team-swiss"]
[EventDate "2022.04.29"]

1. d4 {[%clk 1:30:57]} d5 {[%clk 1:30:50]} 2. c4 {[%clk 1:31:22]} e6 {[%clk
1:31:04]} 3. Nc3 {[%clk 1:31:42]} Be7 {[%clk 1:31:20]} 4. Nf3 {[%clk 1:30:47]}
Nf6 {[%clk 1:29:46]} 5. Bg5 {[%clk 1:28:33]} Nbd7 {[%clk 1:26:26]} 6. cxd5
{[%clk 1:26:55]} exd5 {[%clk 1:26:43]} 7. e3 {[%clk 1:26:21]} c6 {[%clk
1:26:46]} 8. Bd3 {[%clk 1:25:47]} O-O {[%clk 1:26:14]} 9. Qc2 {[%clk 1:21:48]}
Re8 {[%clk 1:25:04]} 10. O-O {[%clk 1:20:21]} Nf8 {[%clk 1:21:08]} 11. h3
{[%clk 1:16:16]} g6 {[%clk 1:14:25]} 12. Bxf6 {[%clk 1:12:47]} Bxf6 {[%clk
1:14:37]} 13. b4 {[%clk 1:09:04]} h5 {[%clk 1:00:34]} 14. b5 {[%clk 1:05:01]}
g5 {[%clk 0:55:36]} 15. Nh2 {[%clk 0:53:31]} g4 {[%clk 0:45:45]} 16. hxg4
{[%clk 0:52:12]} hxg4 {[%clk 0:43:47]} 17. g3 {[%clk 0:50:39]} Bd7 {[%clk
0:25:17]} 18. bxc6 {[%clk 0:49:36]} bxc6 {[%clk 0:25:36]} 19. Bf5 {[%clk
0:48:12]} Qc8 {[%clk 0:25:24]} 20. Bxd7 {[%clk 0:46:23]} Qxd7 {[%clk 0:25:16]}
21. Qd1 {[%clk 0:45:12]} Bg7 {[%clk 0:20:06]} 22. Qxg4 {[%clk 0:37:14]} Qd6
{[%clk 0:07:39]} 23. Rab1 {[%clk 0:34:10]} Rab8 {[%clk 0:06:32]} 24. Nf3 {[%clk
0:23:08]} Ng6 {[%clk 0:02:30]} 25. Rxb8 {[%clk 0:19:44]} Rxb8 {[%clk 0:02:30]}
26. Rb1 {[%clk 0:18:43]} Rxb1+ {[%clk 0:01:48]} 27. Nxb1 {[%clk 0:19:10]} Qb4
{[%clk 0:01:20]} 28. Nfd2 {[%clk 0:18:53]} Qb7 {[%clk 0:01:23]} 29. Nb3 {[%clk
0:17:39]} Bf6 {[%clk 0:01:22]} 30. Qf5 {[%clk 0:14:39]} Kg7 {[%clk 0:01:42]}
31. Qc2 {[%clk 0:14:29]} Be7 {[%clk 0:02:03]} 32. Na5 {[%clk 0:14:22]} Qb6
{[%clk 0:02:10]} 33. Nxc6 {[%clk 0:14:24]} Qc7 {[%clk 0:02:34]} 34. Qc3 {[%clk
0:12:54]} Qb6 {[%clk 0:02:02]} 35. Qc2 {[%clk 0:09:47]} Qc7 {[%clk 0:02:17]}
36. Kg2 {[%clk 0:08:28]} Bd8 {[%clk 0:02:28]} 37. Qc3 {[%clk 0:08:17]} Qb6
{[%clk 0:01:59]} 38. Nxd8 {[%clk 0:08:14]} Qxb1 39. Qc7 {[%clk 0:07:35]} Qe4+
{[%clk 0:01:57]} 40. Kh2 {[%clk 0:02:46]} Qf3 {[%clk 0:01:01]} 41. Qc2 {[%clk
0:01:33]} Ne7 {[%clk 0:22:48]} 42. Nb7 {[%clk 0:26:32]} Ng8 {[%clk 0:19:09]} *

[Event "DVM U16w 2021"]
[Site "Berlin GER"]
[Date "2022.04.30"]
[Round "1"]
[White "Steinlechner, Katja"]
[Black "Schmidt, Luise"]
[Result "1/2-1/2"]
[Termination "normal"]
[Board "3.3"]
[WhiteElo "1317"]
[BlackElo "1420"]
[WhiteClock "00:03:30"]
[BlackClock "00:04:49"]
[WhiteTeam "SK Landau"]
[BlackTeam "SV Königsjäger Süd-West e.V."]
[PlyCount "63"]
[WhiteFideId "16265173"]
[BlackFideId "16294475"]
[EventCountry "GER"]
[EventRounds "7"]
[EventType "team-swiss"]
[EventDate "2022.04.29"]

1. d4 {[%clk 1:30:56]} d5 {[%clk 1:30:56]} 2. Bf4 {[%clk 1:31:20]} c6 {[%clk
1:30:51]} 3. e3 {[%clk 1:27:12]} e6 {[%clk 1:30:53]} 4. c3 {[%clk 1:26:17]} Nf6
{[%clk 1:31:10]} 5. Nd2 {[%clk 1:25:52]} Be7 {[%clk 1:30:46]} 6. Bd3 {[%clk
1:25:11]} O-O {[%clk 1:30:34]} 7. Ngf3 {[%clk 1:24:57]} Nbd7 {[%clk 1:30:37]}
8. O-O {[%clk 1:24:18]} b6 {[%clk 1:27:10]} 9. Ne5 {[%clk 1:23:43]} Bb7 {[%clk
1:20:25]} 10. Qf3 {[%clk 1:21:52]} Re8 {[%clk 0:58:39]} 11. Qh3 {[%clk
1:12:59]} Nf8 {[%clk 0:53:54]} 12. Ndf3 {[%clk 0:49:24]} Ne4 {[%clk 0:46:27]}
13. Qh5 {[%clk 0:41:05]} Ng6 {[%clk 0:36:41]} 14. Nxg6 {[%clk 0:32:53]} hxg6
{[%clk 0:34:11]} 15. Qg4 {[%clk 0:29:15]} c5 {[%clk 0:18:08]} 16. h4 {[%clk
0:25:02]} Nf6 {[%clk 0:15:10]} 17. Qh3 {[%clk 0:23:42]} Bc8 {[%clk 0:13:21]}
18. Qh2 {[%clk 0:21:44]} Nh5 {[%clk 0:11:46]} 19. Bb5 {[%clk 0:16:17]} Bd7
{[%clk 0:10:41]} 20. Bxd7 {[%clk 0:13:55]} Qxd7 {[%clk 0:11:01]} 21. Ne5 {[%clk
0:12:54]} Qc8 {[%clk 0:10:37]} 22. Bg3 {[%clk 0:10:19]} Kf8 {[%clk 0:06:44]}
23. Rac1 {[%clk 0:08:45]} Qb7 {[%clk 0:06:06]} 24. Rc2 {[%clk 0:07:18]} Rac8
{[%clk 0:05:35]} 25. Rfc1 {[%clk 0:06:28]} Bf6 {[%clk 0:04:52]} 26. Qh3 {[%clk
0:05:18]} Nxg3 {[%clk 0:04:33]} 27. Qxg3 {[%clk 0:05:33]} Bxe5 {[%clk 0:04:16]}
28. Qxe5 {[%clk 0:05:53]} Qe7 {[%clk 0:04:41]} 29. h5 {[%clk 0:05:41]} gxh5
{[%clk 0:04:56]} 30. Qxh5 {[%clk 0:05:56]} Qf6 {[%clk 0:04:46]} 31. Qg4 {[%clk
0:04:31]} c4 {[%clk 0:04:49]} 32. e4 {[%clk 0:03:30]} 1/2-1/2

[Event "DVM U16w 2021"]
[Site "Berlin GER"]
[Date "2022.04.30"]
[Round "1"]
[White "Altuve Medina, Victoria Isabella"]
[Black "Lang, Elli"]
[Result "1-0"]
[Termination "normal"]
[Board "3.4"]
[WhiteElo "1221"]
[BlackElo "1005"]
[WhiteClock "00:35:59"]
[BlackClock "00:10:07"]
[WhiteTeam "SV Königsjäger Süd-West e.V."]
[BlackTeam "SK Landau"]
[PlyCount "97"]
[WhiteFideId "3935639"]
[BlackFideId "34620630"]
[EventCountry "GER"]
[EventRounds "7"]
[EventType "team-swiss"]
[EventDate "2022.04.29"]

1. e4 {[%clk 1:30:57]} c5 {[%clk 1:30:44]} 2. c3 {[%clk 1:30:44]} e6 {[%clk
1:29:05]} 3. d4 {[%clk 1:28:38]} Qc7 {[%clk 1:25:08]} 4. Nf3 {[%clk 1:21:03]}
d6 {[%clk 1:09:24]} 5. Bf4 {[%clk 1:01:36]} Nd7 {[%clk 0:52:54]} 6. Qa4 {[%clk
0:52:47]} Qc6 {[%clk 0:47:30]} 7. Qxc6 {[%clk 0:50:13]} bxc6 {[%clk 0:47:48]}
8. Nbd2 {[%clk 0:49:11]} cxd4 {[%clk 0:46:36]} 9. cxd4 {[%clk 0:49:17]} d5
{[%clk 0:42:29]} 10. exd5 {[%clk 0:45:09]} cxd5 {[%clk 0:42:43]} 11. Rc1 {[%clk
0:43:25]} Bb4 {[%clk 0:35:09]} 12. Bb5 {[%clk 0:41:05]} Bxd2+ {[%clk 0:29:52]}
13. Kxd2 {[%clk 0:40:49]} Ngf6 {[%clk 0:28:34]} 14. Bc6 {[%clk 0:39:40]} Ne4+
{[%clk 0:24:57]} 15. Ke3 {[%clk 0:39:48]} Ke7 {[%clk 0:18:22]} 16. Bxa8 {[%clk
0:38:56]} Nb6 {[%clk 0:17:23]} 17. Rc7+ {[%clk 0:34:41]} Bd7 {[%clk 0:14:30]}
18. Bc6 {[%clk 0:33:53]} Rd8 {[%clk 0:12:19]} 19. Ne5 {[%clk 0:32:05]} f6
{[%clk 0:09:33]} 20. Nxd7 {[%clk 0:31:16]} Nxd7 {[%clk 0:09:17]} 21. Rxa7
{[%clk 0:30:56]} g5 {[%clk 0:08:32]} 22. Rxd7+ {[%clk 0:30:48]} Rxd7 {[%clk
0:08:48]} 23. Bxd7 {[%clk 0:31:11]} gxf4+ {[%clk 0:08:57]} 24. Ke2 {[%clk
0:30:58]} Kxd7 {[%clk 0:09:18]} 25. Rc1 {[%clk 0:31:00]} Kd6 {[%clk 0:08:41]}
26. a4 {[%clk 0:31:22]} e5 {[%clk 0:07:57]} 27. f3 {[%clk 0:31:14]} Ng5 {[%clk
0:07:52]} 28. a5 {[%clk 0:30:44]} Ne6 {[%clk 0:07:52]} 29. dxe5+ {[%clk
0:30:34]} fxe5 {[%clk 0:08:14]} 30. a6 {[%clk 0:30:58]} Nc7 {[%clk 0:08:29]}
31. a7 {[%clk 0:31:21]} Na8 {[%clk 0:08:03]} 32. Rc8 {[%clk 0:31:40]} Nb6
{[%clk 0:08:16]} 33. a8=Q {[%clk 0:31:38]} Nxa8 {[%clk 0:08:39]} 34. Rxa8
{[%clk 0:32:05]} Kc5 {[%clk 0:08:45]} 35. Re8 {[%clk 0:31:55]} Kd4 {[%clk
0:09:00]} 36. b4 {[%clk 0:32:10]} e4 {[%clk 0:07:46]} 37. fxe4 {[%clk 0:32:31]}
dxe4 {[%clk 0:08:09]} 38. b5 {[%clk 0:32:43]} h5 {[%clk 0:07:45]} 39. b6 {[%clk
0:32:55]} h4 {[%clk 0:08:04]} 40. h3 {[%clk 0:33:07]} Kd5 {[%clk 0:08:08]} 41.
b7 {[%clk 0:33:33]} Kd4 {[%clk 0:08:26]} 42. b8=Q {[%clk 0:33:53]} f3+ {[%clk
0:08:36]} 43. gxf3 {[%clk 0:34:16]} exf3+ {[%clk 0:08:58]} 44. Kxf3 {[%clk
0:34:41]} Kd3 {[%clk 0:09:11]} 45. Qd6+ {[%clk 0:35:02]} Kc4 {[%clk 0:09:25]}
46. Rc8+ {[%clk 0:35:27]} Kb5 {[%clk 0:09:45]} 47. Qb8+ {[%clk 0:35:48]} Ka6
{[%clk 0:09:58]} 48. Rc7 {[%clk 0:35:59]} Ka5 {[%clk 0:10:07]} 49. Ra7# 1-0